ロード中...
Methods of vitamin assay /
| 団体著者: | |
|---|---|
| フォーマット: | Printed Book |
| 言語: | English |
| 出版事項: |
New York :
John Wiley,
1966.
|
| 版: | 3rd. ed. |
| LEADER | 00501nam a2200145Ia 4500 | ||
|---|---|---|---|
| 008 | 150624b xxu||||| |||| 00| 0 eng d | ||
| 082 | |a 547.74 | ||
| 110 | |a Association of vitamin chemists | ||
| 245 | |a Methods of vitamin assay / |c Association of vitamin chemists | ||
| 250 | |a 3rd. ed. | ||
| 260 | |a New York : |b John Wiley, |c 1966. | ||
| 700 | |e editor. | ||
| 942 | |c BK | ||
| 999 | |c 8673 |d 8673 | ||
| 952 | |0 0 |1 0 |4 0 |6 547_740000000000000_ASS |7 0 |9 8672 |a UL |b UL |c ST2 |d 1998-09-07 |l 0 |o 547.74 ASS |p 13727 |r 2012-10-27 |w 2012-10-27 |y BK | ||